| 000 | 00649cam a22002051 4500 | ||
|---|---|---|---|
| 005 | 20260322212054.0 | ||
| 008 | data | ||
| 010 | _a 59011326 | ||
| 040 |
_aDLC _cDLC _dDLC |
||
| 050 | 0 | 0 |
_aB72 _b.R83 1959a |
| 082 | 0 | 0 | _a190 |
| 092 | _a190 R83 1959a | ||
| 245 | 0 | 0 |
_aWisdom of the West; _ba historical survey of Western philosophy in its social and political setting. _cedited by Bertrand Russell. |
| 260 |
_aGarden City, N.Y., _bDoubleday _c[1959] |
||
| 300 |
_a320 p. _billus. (part col.) ports, maps. _c28 cm. |
||
| 650 | 0 |
_aPhilosophy _xHistory. |
|
| 650 | 0 |
_aPhilosophy _xPictorial works. |
|
| 700 | 1 |
_aRussell, Bertrand, _d1872-1970. |
|
| 001 | data | ||
| 999 |
_c1274 _d1274 |
||